000 00528nam a2200193Ia 4500
005 20240913125701.0
008 240913s9999||||xx |||||||||||||| ||und||
020 _a978-81-315-1288-3
041 _aENGLISH
082 _A629.222 Q0
100 _aDon Knowles
245 0 _aAutomative Engineering Suspension & Steering Systems (Classroom Manual)
250 _a1st
260 _c2010
_bCengage Learning
_aNew Delhi
500 _aREFERENCE
650 _aAutomative Engineering
_bMechanical
942 _cREF
999 _c246052
_d246052